International business I selected readings from international economics

Salvato in:
Dettagli Bibliografici
Autore principale: Dudáš, Tomáš, 1976-
Ente Autore: Paneurópska vysoká škola
Altri autori: Csabay, Marek, Sipko, Juraj, Grešš, Martin, 1978-, Hansenová, Heda, Hontyová, Kajetána, Stehlíková, Beáta
Natura: Libro
Lingua:inglese
Pubblicazione: Nitra ForPress Nitrianske tlačiarne 2014
Edizione:1st ed.
Soggetti:
Tags: Aggiungi Tag
Nessun Tag, puoi essere il primo ad aggiungerne!!

MARC

LEADER 00000nam a2200000 4500
001 0208639
005 20240502073452.2
020 |a 978-80-89731-14-5 
041 0 |a eng 
044 |a SK 
245 1 0 |a International business I  |b selected readings from international economics  |c Tomáš Dudáš et al. ; reviewers: Kajetána Hontyová, Beáta Stehlíková 
250 |a 1st ed. 
264 1 |a Nitra  |b ForPress Nitrianske tlačiarne  |c 2014 
300 |a 198 s. [12,76 AH] 
610 2 0 |a podnikanie medzinárodné 
610 2 0 |a obchod medzinárodný 
610 2 0 |a vzťahy hospodárske medzinárodné 
610 2 0 |a politika obchodná 
610 2 0 |a politika medzinárodná 
610 2 0 |a financie medzinárodné 
610 2 0 |a doprava medzinárodná 
610 2 0 |a logistika 
610 2 0 |a integrácia ekonomická medzinárodná 
610 2 0 |a Európska únia 
100 1 |a Dudáš, Tomáš, 1976- 
700 1 |a Csabay, Marek 
700 1 |a Sipko, Juraj 
700 1 |a Grešš, Martin, 1978- 
700 1 |a Hansenová, Heda 
700 1 |a Hontyová, Kajetána 
700 1 |a Stehlíková, Beáta 
710 2 |a Paneurópska vysoká škola